000
00343nam a2200145Ia 4500
008
231217s9999 xx 000 0 und d
041
_a
English
082
_a
658.3 DUN
100
_a
Dun Bradstreet
245
0
_a
Managing your manpower
260
_c
1992
_b
Rupa&co, B,Bay
300
_a
176
650
_a
Manpower management
942
_c
AA
999
_c
165773
_d
165773